Valuing Rural Amenities (Record no. 11223)
[ view plain ]
| 000 -LEADER | |
|---|---|
| fixed length control field | 00241nam a22001217a 4500 |
| 040 ## - CATALOGING SOURCE | |
| Transcribing agency | SY |
| 082 ## - DEWEY DECIMAL CLASSIFICATION NUMBER | |
| Classification number | 330 OEC 2000 C093 |
| 100 ## - MAIN ENTRY--AUTHOR NAME | |
| Personal name | OECD |
| 245 ## - TITLE STATEMENT | |
| Title | Valuing Rural Amenities |
| 260 ## - PUBLICATION, DISTRIBUTION, ETC. (IMPRINT) | |
| Place of publication | USA |
| Name of publisher | OCED |
| Year of publication | 2000 |
| 300 ## - PHYSICAL DESCRIPTION | |
| Number of Pages | 180p |
| 942 ## - ADDED ENTRY ELEMENTS (KOHA) | |
| Koha item type | សៀវភៅភាសាអង់គ្លេស |
| 952 ## - LOCATION AND ITEM INFORMATION (KOHA) | |
| Withdrawn status [LOCAL, KOHA] | 0 |
| Permanent Location | Date acquired | Koha item type | Lost status | Shelving location | Barcode | Current Location | Full call number |
|---|---|---|---|---|---|---|---|
| Library Block C | 2017-02-21 | សៀវភៅភាសាអង់គ្លេស | C186 | A04815 | Library Block C | 330 OEC 2000 C186 |